Heated Rivalry - Statistics

General Stats
  • This quiz has been taken 514 times
  • The average score is 20 of 24
Answer Stats
Letter Ep Quote Answer % Correct
B 02 "Never in life have I _____ed. Russians do not do this." Blush
98%
K 01 "I might open." "I might _____." Knock
96%
N 06 "__, Ilya, that's gross." No
95%
M 02 "Did your ___ buy all these pillows?" Mom
94%
W 04 "You ____ to make me a tuna melt?" Want
92%
F 04 "Hungry for what?" "For ____, pervert." Food
91%
H 01 "I’m standing in the _______ like an idiot." Hallway
91%
L 01 "I never said 40 goals. It's ___. ____ told you that." Lie/Liar
91%
G 02 "So being boring is-is _______." Genetic
90%
E 02 "When did your _______ get so good?" English
89%
U 05 "...but in Russian? I won't __________, but maybe it'll help." Understand
87%
V 05 "Hi, this is Ilya, I will never listen to your ________." Voicemail
87%
R 01 "______'s Ilya Rozanov!" Russia
86%
A 06 "She ____________ swallowed a whole bottle of pills." Accidentally
85%
C 01 "______'s Shane Hollander!" Canada
85%
S 03 "He deserves ________. And so do you." Sunshine
83%
Y 01 "My workout went longer than expected, and I got lost in a _______ rabbit hole."
YouTube
78%
P 01 "You have _____? Give." Phone
76%
D 01 "Shane Hollander. Will you ________ them?" Disappoint
75%
J 06 "Is this a ___?" "No, it’s British." Jeep
73%
T 05 "Completly alone. _________." Together
65%
O 05 "____. Not good. Probably bad." Okay
59%
I 06 "We were both very stupid and _____________." Irresponsible
51%
Q N/A Heated Rivalry has the best _____. Quotes
36%
No matching quizzes found
Score Distribution
Percent of People with Each Score
Percentile by Number Answered
Your Score History
You have not taken this quiz